Abeceda mírového hnutí /

Hlavní autor: Novák, Vladimír, 1919-
Jazyk: Čeština
Vydáno: Praha : Horizont, 1988
Vydání: 1. vyd.
Edice: Tribuna ekonomiky a politiky
Témata:
Externí odkaz: Digitalizovaný dokument
Fyzický popis: 237 s.
Knihy
Uloženo v:
LEADER 01543nam a22003612a 4500
001 000216538
003 CZ BrMZK
005 20080523062642.0
007 ta
008 970107s1988 xr f cze d
015 |a cnb000044495 
035 |a (OCoLC)20823930 
040 |a BOA001  |b cze 
080 |a 327.36(038)  |2 MRF 
100 1 |a Novák, Vladimír,  |d 1919-  |7 skuk0001629 
245 1 0 |a Abeceda mírového hnutí /  |c Vladimír Novák 
250 |a 1. vyd. 
260 |a Praha :  |b Horizont,  |c 1988 
300 |a 237 s. 
490 1 |a Tribuna ekonomiky a politiky 
830 0 |a Tribuna ekonomiky a politiky  |0 s 
856 4 1 |u http://www.digitalniknihovna.cz/mzk/uuid/uuid:014a8ed0-bc82-11e2-b6da-005056827e52  |y Digitalizovaný dokument  |x NDK 
910 |a BOA001  |b PK-0109.231  |b 2-0940.274  |b TK-0239.353 
920 |a 000086187 
920 |a 000209391 
964 |a Hnutí mírové - slovníky 
990 |a BK 
996 7 |b 2619916136  |c 2-0940.274  |l MZK  |r Sklad / do 1 hodiny  |n 0  |w 000216538  |u 000040  |a 1  |e BOA001  |j MZK50  |s A 
996 7 |b 2619920854  |c 2-0940.274  |l MZK  |r Sklad / do 1 hodiny  |n 2  |w 000216538  |u 000050  |a 1  |e BOA001  |j MZK50  |s A 
996 6 |b 2619984256  |c 2-0940.274  |l MZK  |r Sklad / do 1 hodiny  |n 0  |w 000216538  |u 000030  |a 1  |e BOA001  |j MZK50  |s P 
996 7 |b 2629994132  |c TK-0239.353  |l MZK  |r Sklad / do 24 hodin  |n 0  |w 000216538  |u 000060  |a 1  |e BOA001  |j MZK50  |s A 
996 7 |b 3119905450  |c PK-0109.231  |l MZK  |r Sklad / do 1 hodiny  |n 0  |w 000216538  |u 000010  |a 1  |e BOA001  |j MZK50  |s A 
996 7 |b 3119921743  |c PK-0109.231  |l MZK  |r Sklad / do 1 hodiny  |n 2  |w 000216538  |u 000020  |a 1  |e BOA001  |j MZK50  |s A